[Event "Moscow Open A 2016"]
[Site "Moscow RUS"]
[Date "2016.02.03"]
[Round "5.109"]
[White "Pogosyan, Stefan"]
[Black "Ibadov, Dashgyn"]
[Result "0-1"]
[BlackTitle "FM"]
[WhiteElo "1974"]
[BlackElo "2332"]
[WhiteFideId "34159867"]
[BlackFideId "24107514"]
[EventDate "2016.01.30"]

1. d4 e6 2. Nf3 Nf6 3. c4 c5 4. d5 exd5 5. cxd5 d6 6. Nc3 g6 7. Nd2 Bg7 8. Nc4
O-O 9. e4 Na6 10. Bd3 Nc7 11. a4 b6 12. Bf4 Nfe8 13. O-O Ba6 14. Re1 Bxc4 15.
Bxc4 Nf6 16. h3 Nh5 17. Bh2 Ne8 18. f4 f5 19. e5 Qh4 20. Qf3 g5 21. g3 Qxh3 22.
Be2 gxf4 23. Qxh5 Qxh5 24. Bxh5 fxg3 25. Bxg3 f4 26. Bf2 Bxe5 27. Bf3 Ng7 28.
Nb5 Bxb2 29. Rad1 Nf5 30. Kh2 a6 31. Nc7 Ra7 32. Ne6 Rf6 33. Rg1+ Kh8 34. Rb1
Be5 35. Rxb6 Ra8 36. Rgb1 Rg8 37. Bg4 f3+ 38. Kg1 Rxg4+ 39. Kf1 Rh6 40. Rb8+ Rg8
41. Ng5 Ng3+ 42. Bxg3 Rh1+ 43. Kf2 Bxg3+ 44. Kxg3 Rxb1 45. Rxb1 Rxg5+ 46. Kxf3
Rxd5 47. Rb6 a5 48. Rb5 Kg7 49. Rxa5 Kf6 50. Ra7 Rd4 51. a5 Ra4 52. a6 Ke5 53.
Ra8 Kd4 54. a7 d5 55. Ke2 Ra2+ 56. Kd1 Kd3 57. Kc1 d4 58. Kb1 Ra6 59. Kc1 c4 60.
Kb1 c3 0-1

[Event "Moscow Open A 2016"]
[Site "Moscow RUS"]
[Date "2016.02.03"]
[Round "5.110"]
[White "Lebedev, Mikhail S."]
[Black "Fomin, Andrey"]
[Result "0-1"]
[WhiteElo "2136"]
[BlackElo "2241"]
[WhiteFideId "24130303"]
[BlackFideId "4162447"]
[EventDate "2016.01.30"]

1. e4 e6 2. d4 d5 3. Nc3 Bb4 4. e5 Ne7 5. Qg4 c5 6. a3 Qa5 7. Bd2 cxd4 8. Nb1
Bxd2+ 9. Nxd2 O-O 10. Nf3 Nbc6 11. O-O-O Qc7 12. Qh5 f6 13. exf6 Rxf6 14. Bd3 g6
15. Qh4 Kg7 16. Ng5 h6 17. Nh3 Ne5 18. Nb3 Nxd3+ 19. Rxd3 e5 20. g4 g5 21. Nxg5
hxg5 22. Qh5 Rh6 23. Qxg5+ Rg6 24. Qh4 Bxg4 25. f4 Nf5 26. Qf2 e4 27. Rxd4 e3
28. Qe1 Rc8 0-1

[Event "Moscow Open A 2016"]
[Site "Moscow RUS"]
[Date "2016.02.04"]
[Round "6.19"]
[White "Kukhmazov, Arsen"]
[Black "Paravyan, David"]
[Result "1-0"]
[WhiteTitle "IM"]
[BlackTitle "IM"]
[WhiteElo "2414"]
[BlackElo "2509"]
[WhiteFideId "24108260"]
[BlackFideId "4194985"]
[EventDate "2016.01.30"]

1. d4 Nf6 2. c4 g6 3. g3 Bg7 4. Bg2 O-O 5. Nf3 d6 6. O-O Nc6 7. Nc3 a6 8. Qd3 e5
9. dxe5 dxe5 10. Qxd8 Rxd8 11. Bg5 Re8 12. Nd5 Nxd5 13. cxd5 Nb4 14. e4 f5 15.
Ne1 fxe4 16. Bxe4 c6 17. dxc6 Nxc6 18. Nd3 Nd4 19. Kg2 h6 20. Bd2 Bf5 21. Nc5
Rac8 22. Bd5+ Kh7 23. Nxb7 Nb5 24. a4 Nc7 25. Bc6 Rf8 26. Nd6 Rcd8 27. Bb4 Rb8
28. Ba5 Ne6 29. Nxf5 gxf5 30. b4 Nd4 31. Bd5 Bf6 32. Bc7 Rbc8 33. Rac1 f4 34. f3
Kg7 35. g4 h5 36. h3 hxg4 37. hxg4 Rh8 38. Bb7 Rce8 39. Rfe1 Rh6 40. Rh1 Rxh1
41. Kxh1 Nxf3 42. Bxf3 e4 43. Bd1 f3 44. Bb6 Bg5 45. Rc6 Rh8+ 46. Kg1 Rh4 47.
Bd4+ Kf8 48. Rxa6 Rxg4+ 49. Kf1 Rh4 50. Bc5+ Kg7 51. Kf2 Rh2+ 52. Kg3 Rg2+ 53.
Kh3 Bf4 54. Re6 e3 55. Bxe3 Rh2+ 56. Kg4 f2 57. Be2 Bxe3 58. Rxe3 1-0

[Event "Moscow Open A 2016"]
[Site "Moscow RUS"]
[Date "2016.02.04"]
[Round "6.20"]
[White "Litvinov, Maxim"]
[Black "Gordievsky, Dmitry"]
[Result "0-1"]
[BlackTitle "FM"]
[WhiteElo "2408"]
[BlackElo "2506"]
[WhiteFideId "24157449"]
[BlackFideId "24112798"]
[EventDate "2016.01.30"]

1. e4 c5 2. Nf3 d6 3. d4 Nf6 4. dxc5 Nxe4 5. cxd6 Nc6 6. Bd3 Nxd6 7. O-O g6 8.
Nc3 Bg7 9. Re1 O-O 10. Bf4 Qa5 11. Bxd6 exd6 12. Be4 Be6 13. Qxd6 Rad8 14. Qf4
Qb4 15. Rab1 f5 16. Qh4 Nd4 17. Nxd4 Rxd4 18. Qh3 Bf7 19. Bd3 Rg4 20. Qf3 Rd8
21. a3 Qb6 22. h3 Rgd4 23. Re7 R4d7 24. Rxd7 Rxd7 25. Nd1 Qe6 26. Ne3 Qa2 27.
Rd1 Qxb2 28. Bc4 Rxd1+ 29. Qxd1 Qa1 30. Qxa1 Bxa1 31. Kf1 Bd4 32. Ke2 Bc5 33. a4
Kf8 34. Kd3 Be8 35. Bd5 Bxa4 36. Bxb7 Ke7 37. Ba6 Bc6 38. f3 Kf6 39. c4 Kg5 40.
Nd5 Kh4 41. Ke2 Kg3 42. Kf1 Ba4 43. Nf6 h5 44. Bb5 Bc2 45. Be8 Bd3+ 46. Ke1 f4
47. Nd7 Bb4+ 48. Kd1 Bxc4 49. Bxg6 h4 50. Ne5 Bf1 51. Nc6 Bc5 0-1

[Event "Moscow Open A 2016"]
[Site "Moscow RUS"]
[Date "2016.02.04"]
[Round "6.21"]
[White "Potapov, Pavel"]
[Black "Derbenev, Andrey"]
[Result "1/2-1/2"]
[WhiteTitle "IM"]
[BlackTitle "IM"]
[WhiteElo "2492"]
[BlackElo "2367"]
[WhiteFideId "4169786"]
[BlackFideId "4154169"]
[EventDate "2016.01.30"]

1. e4 Nf6 2. e5 Nd5 3. d4 d6 4. Nf3 Bg4 5. Be2 c6 6. O-O Bxf3 7. Bxf3 dxe5 8.
dxe5 e6 9. b3 Nd7 10. Bb2 Qc7 11. Re1 Rd8 12. g3 Bb4 13. Re4 Ba5 14. a3 Qb8 15.
Qe2 O-O 16. b4 Bc7 17. Nd2 b5 18. c4 Ne7 19. cxb5 cxb5 20. Re1 Nb6 21. h4 Rd7
22. Rg4 Kh8 23. h5 h6 24. Ne4 Nc4 25. Nd6 Nxb2 26. Qxb2 Bxd6 27. exd6 Nf5 28.
Be4 f6 29. Bxf5 exf5 30. Rf4 Qxd6 31. Rxf5 a6 32. Rc5 Qd3 33. Qc1 Rfd8 34. Re3
Qd4 35. Qe1 Qxc5 36. bxc5 Rd1 37. Kg2 Rxe1 38. Rxe1 Rc8 39. Rc1 Kg8 40. Kf3 Kf7
41. Ke4 Ke6 42. g4 Rd8 43. f4 Rc8 44. Kd4 Kd7 45. Re1 Rd8 46. Kc3 a5 47. g5 fxg5
48. fxg5 Kc6 1/2-1/2

[Event "Moscow Open A 2016"]
[Site "Moscow RUS"]
[Date "2016.02.04"]
[Round "6.22"]
[White "Gasanov, Eldar"]
[Black "Palachev, Petr"]
[Result "1-0"]
[WhiteTitle "GM"]
[BlackTitle "FM"]
[WhiteElo "2488"]
[BlackElo "2358"]
[WhiteFideId "14104466"]
[BlackFideId "24129003"]
[EventDate "2016.01.30"]

1. c4 e6 2. Nc3 d5 3. d4 c6 4. Nf3 Nf6 5. Bg5 h6 6. Bxf6 Qxf6 7. Qb3 Nd7 8. e4
dxe4 9. Nxe4 Qf4 10. Bd3 Be7 11. O-O O-O 12. Rfe1 b6 13. Rad1 Bb7 14. c5 Qc7 15.
Bb1 Rfd8 16. Qc2 Nf8 17. a3 bxc5 18. dxc5 Rd5 19. Ba2 Rxd1 20. Rxd1 Rd8 21. Bc4
Nd7 22. b4 Nf6 23. Nxf6+ Bxf6 24. g3 a5 25. Kg2 axb4 26. axb4 Ra8 27. Nd2 Ba6
28. Bxa6 Rxa6 29. Nc4 Qb8 30. Nb6 Qe5 31. Nd7 Qc7 32. Qe4 Be7 33. Ne5 Bf6 34.
Rd7 Qc8 35. Qd3 Ra8 36. Nxf7 Rb8 37. Nxh6+ Kh8 38. Nf7+ Kg8 39. Ne5 Rb7 40. Rd6
Rc7 41. Qc4 Bxe5 42. Rxe6 Rf7 43. Rxe5 Qd7 44. Re4 1-0

[Event "Moscow Open A 2016"]
[Site "Moscow RUS"]
[Date "2016.02.04"]
[Round "6.23"]
[White "Samusenko, Maksim"]
[Black "Triapishko, Olexandr"]
[Result "1/2-1/2"]
[WhiteTitle "FM"]
[WhiteElo "2362"]
[BlackElo "2471"]
[WhiteFideId "4112253"]
[BlackFideId "14122286"]
[EventDate "2016.01.30"]

1. e4 e5 2. Nf3 Nc6 3. Nc3 Nf6 4. Be2 Bb4 5. Nd5 Be7 6. d3 d6 7. Nxe7 Nxe7 8. c3
Ng6 9. Qc2 O-O 10. h4 Bg4 11. Bg5 h6 12. h5 Bxf3 13. Bxf3 hxg5 14. hxg6 Qe7 15.
Qd2 g4 16. Bd1 fxg6 17. Bb3+ d5 18. exd5 Qd6 19. O-O-O a5 20. a3 Nh5 21. Qe3 Rf4
22. Rd2 Raf8 23. Re1 Kh7 24. c4 R8f5 25. Bd1 b5 26. g3 Rd4 27. f3 gxf3 28. Bxf3
bxc4 29. g4 c3 30. gxf5 cxd2+ 31. Qxd2 Nf4 32. fxg6+ Kxg6 33. Kb1 Kf7 34. Be4
Nxd5 35. Qxa5 Nf6 36. Rc1 Nxe4 37. dxe4 Rd1 38. Rxd1 Qxd1+ 39. Ka2 Qd6 40. Qc3
g5 41. a4 g4 42. a5 Kf6 43. Qc1 Qd4 44. Qh6+ Ke7 45. Qg7+ Kd6 46. Qxg4 1/2-1/2

[Event "Moscow Open A 2016"]
[Site "Moscow RUS"]
[Date "2016.02.04"]
[Round "6.24"]
[White "Iljiushenok, Ilia"]
[Black "Sorokin, Aleksey"]
[Result "1-0"]
[WhiteTitle "IM"]
[BlackTitle "FM"]
[WhiteElo "2470"]
[BlackElo "2344"]
[WhiteFideId "24105074"]
[BlackFideId "24176460"]
[EventDate "2016.01.30"]

1. e4 c6 2. d4 d5 3. e5 Bf5 4. h4 h5 5. Bd3 Bxd3 6. Qxd3 e6 7. Bg5 Qa5+ 8. Nd2
Qa6 9. c4 Nd7 10. b3 Ne7 11. Ne2 c5 12. O-O Nf5 13. Nf3 cxd4 14. Nexd4 Nxd4 15.
Nxd4 dxc4 16. bxc4 Nxe5 17. Qe4 Nxc4 18. Nxe6 fxe6 19. Qg6+ Kd7 20. Qf7+ Kd6 21.
Rfd1+ Kc5 22. Be7+ Kb5 23. a4+ Ka5 24. Rd5+ 1-0

[Event "Moscow Open A 2016"]
[Site "Moscow RUS"]
[Date "2016.02.04"]
[Round "6.25"]
[White "Tekeyev, Zaur"]
[Black "Zakhartsov, Vladimir"]
[Result "1/2-1/2"]
[WhiteTitle "FM"]
[BlackTitle "IM"]
[WhiteElo "2347"]
[BlackElo "2462"]
[WhiteFideId "4199731"]
[BlackFideId "4145097"]
[EventDate "2016.01.30"]

1. e4 c5 2. Nf3 e6 3. d4 cxd4 4. Nxd4 a6 5. Bd3 Bc5 6. Nb3 Be7 7. Qg4 g6 8. Qe2
d6 9. O-O Qc7 10. Nc3 Nd7 11. Kh1 Ngf6 12. Bh6 Bf8 13. Bxf8 Kxf8 14. f4 Kg7 15.
Rae1 e5 16. fxe5 dxe5 17. Rf3 b6 18. Ref1 Bb7 19. Qf2 Qd6 20. Bc4 Rhf8 21. a4
Qe7 22. Nd2 Bc6 23. Qe2 Bb7 24. g4 h6 25. h4 Kh8 26. Kg2 Bc6 27. Kh3 b5 28. axb5
axb5 29. Nxb5 Bxb5 30. Bxb5 Qe6 31. Bxd7 Nxd7 32. Qc4 Qb6 33. Qd5 Rad8 34. Nc4
Qd4 35. Qxd4 exd4 36. Rxf7 Rxf7 37. Rxf7 Nc5 38. Ne5 Kg8 39. Rf6 Re8 40. Nd3
Nxe4 41. Rxg6+ Kh7 42. Rc6 Kg7 43. Rc4 Nf6 44. Rxd4 Re3+ 45. Kg2 Re2+ 46. Kf3
Rxc2 47. b4 Rc3 48. Kf4 Kf7 49. Kf5 Ke7 50. Nf4 Rf3 51. g5 hxg5 52. hxg5 Ne8 53.
Kg6 Nd6 54. Nd5+ Ke6 55. Nf6 Nf7 56. Nd7 Ke7 57. Nf6 Ke6 58. Nd7 Ke7 59. b5 Rg3
60. Re4+ Kxd7 61. Kxf7 Rxg5 62. Re7+ Kc8 63. b6 Rb5 1/2-1/2

[Event "Moscow Open A 2016"]
[Site "Moscow RUS"]
[Date "2016.02.04"]
[Round "6.26"]
[White "Natacheev, Peter"]
[Black "Kostenko, Petr"]
[Result "0-1"]
[WhiteTitle "FM"]
[BlackTitle "GM"]
[WhiteElo "2341"]
[BlackElo "2449"]
[WhiteFideId "4191854"]
[BlackFideId "13700669"]
[EventDate "2016.01.30"]

1. d4 e6 2. c4 b6 3. Nf3 Bb7 4. e3 f5 5. Bd3 Nf6 6. O-O g6 7. b3 Bg7 8. Bb2 O-O
9. Nbd2 c5 10. Qc2 Nc6 11. a3 Qc7 12. Rfd1 Rac8 13. Rac1 cxd4 14. exd4 Qf4 15.
Re1 Ng4 16. g3 Qh6 17. h4 f4 18. Qd1 fxg3 19. fxg3 Nxd4 20. Bxd4 Bxd4+ 21. Nxd4
Nf2 22. Qe2 g5 23. Bf5 Nh1 24. Bxe6+ dxe6 25. Qxe6+ Qxe6 26. Nxe6 Rfe8 27. Rc3
Rc6 28. Rce3 Nxg3 29. Rxg3 Rcxe6 30. Rxe6 Rxe6 31. Rxg5+ Kf7 32. Kf2 h6 33. Rg4
Re5 34. Rf4+ Ke6 35. b4 Rf5 36. Ke3 Ba6 37. Rd4 Re5+ 38. Ne4 Bb7 39. Kd3 Ba8 40.
Rd6+ Kf5 41. Nc3 h5 42. Rd4 Re1 43. c5 Ra1 44. a4 bxc5 45. bxc5 Rh1 46. Nb5 Ke5
47. Nc3 Bg2 48. Rd7 a6 49. Rg7 Rh3+ 50. Kd2 Bf3 51. Rg5+ Kd4 52. Ne2+ Kc4 53.
Ng1 Rh2+ 54. Ke3 Bg4 55. c6 Rc2 56. a5 Kb4 57. Re5 Rg2 58. c7 Rc2 59. Kd3 Rc3+
60. Kd2 Rxc7 61. Ne2 Bxe2 62. Kxe2 Rc5 63. Rg5 Rxa5 64. Kd3 Rc5 65. Rg6 a5 66.
Rb6+ Rb5 67. Rh6 Rd5+ 68. Kc2 Kc4 69. Kb2 Kd4 70. Kb3 Rc5 71. Re6 Kd3 72. Ka4
Rf5 73. Re8 Kd4 74. Kb3 Re5 75. Rf8 Ke4 76. Kc4 Rf5 77. Rg8 Ke3 78. Rg3+ Kf4 79.
Rg8 Kf3 80. Kd3 a4 81. Rg5 Kf4 82. Rg1 Ra5 83. Kc2 Re5 84. Kb2 Re2+ 85. Ka3 Rh2
86. Kxa4 Rxh4 87. Rg8 Rg4 88. Rh8 h4 0-1

[Event "Moscow Open A 2016"]
[Site "Moscow RUS"]
[Date "2016.02.04"]
[Round "6.27"]
[White "Sanzhaev, Darsen"]
[Black "Turov, Maxim"]
[Result "1-0"]
[WhiteTitle "FM"]
[BlackTitle "GM"]
[WhiteElo "2373"]
[BlackElo "2610"]
[WhiteFideId "24120030"]
[BlackFideId "4120086"]
[EventDate "2016.01.30"]

1. d4 Nf6 2. c4 g6 3. Nc3 d5 4. cxd5 Nxd5 5. e4 Nxc3 6. bxc3 Bg7 7. Bc4 O-O 8.
Ne2 Nc6 9. O-O b6 10. Bg5 Qd7 11. f4 Bb7 12. f5 Na5 13. Bd3 c5 14. d5 Be5 15.
Qe1 e6 16. c4 exf5 17. exf5 Ba6 18. Rc1 Nc6 19. Qh4 Nd4 20. Ng3 f6 21. Bh6 g5
22. Qg4 Kh8 23. Rce1 Qc7 24. Nh5 Bxh2+ 25. Kh1 Be5 26. Ng7 Qd6 27. Ne6 Rf7 28.
Qh5 Re7 29. Bxg5 fxg5 30. f6 Bxf6 31. Qh6 Nxe6 32. Rxe6 1-0

[Event "Moscow Open A 2016"]
[Site "Moscow RUS"]
[Date "2016.02.04"]
[Round "6.28"]
[White "Alekseenko, Kirill"]
[Black "Kalashnikov, Konstantin"]
[Result "1-0"]
[WhiteTitle "GM"]
[BlackTitle "IM"]
[WhiteElo "2560"]
[BlackElo "2381"]
[WhiteFideId "4135539"]
[BlackFideId "4136004"]
[EventDate "2016.01.30"]

1. e4 c5 2. Nf3 d6 3. d4 cxd4 4. Nxd4 Nf6 5. Nc3 g6 6. Be3 Bg7 7. f3 Nc6 8. Qd2
O-O 9. Bc4 Bd7 10. O-O-O Ne5 11. Bb3 Rc8 12. Kb1 a6 13. h4 h5 14. g4 hxg4 15. h5
Nxh5 16. Bh6 Bf6 17. Nd5 Re8 18. Rdg1 Rc5 19. c3 b5 20. fxg4 Bxg4 21. Bd1 Nc4
22. Qe1 Bxd1 23. Qxd1 Ng7 24. Bxg7 Bxg7 25. Ne6 Qc8 26. Nxg7 Kxg7 27. Qc1 Rxd5
28. Qh6+ Kf6 29. exd5 Qf5+ 30. Ka1 Qxd5 31. Re1 e5 32. Rhf1+ Ke7 33. Qh4+ Kd7
34. Rd1 Qe6 35. Rf6 Qe7 36. Qf2 Rf8 37. b3 Na5 38. Qa7+ Ke8 39. Qb8+ Qd8 40.
Qxd6 Qxd6 41. Rfxd6 Nb7 42. Rxa6 Ke7 43. Ra7 Rb8 44. Rd5 1-0

[Event "Moscow Open A 2016"]
[Site "Moscow RUS"]
[Date "2016.02.04"]
[Round "6.29"]
[White "Yandemirov, Valeri"]
[Black "Predke, Alexandr"]
[Result "1-0"]
[WhiteTitle "GM"]
[WhiteElo "2386"]
[BlackElo "2520"]
[WhiteFideId "4102622"]
[BlackFideId "24107581"]
[EventDate "2016.01.30"]

1. e4 g6 2. d4 Bg7 3. Nc3 c6 4. Nf3 d5 5. h3 Nf6 6. Bd3 dxe4 7. Nxe4 Nbd7 8.
Nxf6+ Nxf6 9. O-O O-O 10. Re1 Qd6 11. Bg5 c5 12. dxc5 Qxc5 13. Re5 Qb4 14. Qc1
Bd7 15. a3 Qd6 16. Re2 Rfe8 17. Bf4 Qb6 18. Be3 Qc7 19. Bf4 Qc5 20. Be5 Rad8 21.
Qe1 Bc6 22. b4 Qb6 23. Nd2 Bb5 24. Bxb5 Qxb5 25. c4 Qc6 26. c5 Rd5 27. Nf3 Red8
28. Qc3 Qd7 29. Qc4 Rc8 30. Rc1 Rd3 31. Bb2 Qd5 32. Qc2 Bh6 33. Rce1 Rxf3 34.
gxf3 Qg5+ 35. Kh2 Nd5 36. Bc1 Qh5 37. Re5 Qxf3 38. Bxh6 Rd8 39. Rxd5 Qxd5 40.
Rxe7 1-0

[Event "Moscow Open A 2016"]
[Site "Moscow RUS"]
[Date "2016.02.04"]
[Round "6.30"]
[White "Yuffa, Daniil"]
[Black "Geivondian, Arman"]
[Result "1-0"]
[WhiteTitle "IM"]
[BlackTitle "FM"]
[WhiteElo "2516"]
[BlackElo "2374"]
[WhiteFideId "24131423"]
[BlackFideId "24102032"]
[EventDate "2016.01.30"]

1. d4 Nf6 2. c4 e6 3. Nf3 d5 4. g3 Be7 5. Bg2 O-O 6. O-O dxc4 7. Ne5 c5 8. dxc5
Qxd1 9. Rxd1 Bxc5 10. Nc3 Be7 11. Bf4 h6 12. Rac1 g5 13. Be3 Rd8 14. Nb5 Rxd1+
15. Rxd1 Na6 16. Nxa7 Nb4 17. Nxc4 Nfd5 18. Bd4 Nc6 19. Nxc6 bxc6 20. e4 Nb4 21.
Nb6 Rb8 22. a3 c5 23. Nxc8 Rxc8 24. Bc3 Nc6 25. e5 Nd4 26. Kf1 g4 27. a4 Nb3 28.
a5 Rc7 29. a6 c4 30. Bb7 Bc5 31. Rd8+ Kg7 32. Be4 Ba7 33. Rd6 Kf8 34. Rc6 Rd7
35. Ke1 Kg7 36. Rxc4 h5 37. Bb4 Nd4 38. Bd6 f5 39. Bb7 1-0

[Event "Moscow Open A 2016"]
[Site "Moscow RUS"]
[Date "2016.02.04"]
[Round "6.31"]
[White "Sviridov, Valery"]
[Black "Asadli, Vugar"]
[Result "1/2-1/2"]
[BlackTitle "FM"]
[WhiteElo "2511"]
[BlackElo "2357"]
[WhiteFideId "4120680"]
[BlackFideId "13405764"]
[EventDate "2016.01.30"]

1. g3 g6 2. Bg2 Bg7 3. Nf3 d6 4. O-O e5 5. c4 f5 6. Nc3 Nf6 7. d3 O-O 8. c5 h6
9. cxd6 cxd6 10. Nd2 Nc6 11. b4 a6 12. a4 Kh7 13. Ba3 Be6 14. b5 Na5 15. Bb4 Rf7
16. e4 Qb6 17. Rb1 Rc8 18. Qe2 Rfc7 19. Nd5 Bxd5 20. exd5 Rc2 21. Qe3 Qd8 22.
bxa6 bxa6 23. Qa7 Ra8 24. Qe3 Rac8 25. Bxa5 Qxa5 26. Nc4 Qc5 27. Qxc5 Rxc5 28.
Nxd6 Nxd5 29. Nb7 Nc3 30. Rb6 Rc7 31. Rxa6 Rd2 32. a5 Rxd3 33. Rb6 e4 34. a6 Rd2
35. Nd6 Ra2 36. Rb7 Nd5 37. Ne8 Re7 38. Nxg7 Kxg7 39. f3 1/2-1/2

[Event "Moscow Open A 2016"]
[Site "Moscow RUS"]
[Date "2016.02.04"]
[Round "6.32"]
[White "Mammadzada, Gunay"]
[Black "Lugovskoy, Maxim"]
[Result "0-1"]
[WhiteTitle "WGM"]
[BlackTitle "IM"]
[WhiteElo "2341"]
[BlackElo "2489"]
[WhiteFideId "13403729"]
[BlackFideId "24126454"]
[EventDate "2016.01.30"]

1. e4 e6 2. d4 d5 3. Nd2 Nf6 4. e5 Nfd7 5. Bd3 c5 6. c3 Nc6 7. Ne2 cxd4 8. cxd4
f6 9. exf6 Qxf6 10. Nf3 h6 11. O-O Bd6 12. Ng3 O-O 13. Bc2 Rf7 14. Nh5 Qd8 15.
Bg6 Re7 16. Bf4 Nf8 17. Bc2 Qc7 18. Bg3 Bd7 19. Rc1 Be8 20. Ne5 Bxe5 21. dxe5
Qb6 22. b3 Bg6 23. Kh1 Qd4 24. Qe2 Qb2 25. Bd3 Qxe2 26. Bxe2 Nd7 27. f4 Rf7 28.
Bg4 Bf5 29. Bf3 g6 30. Nf6+ Nxf6 31. exf6 Rxf6 32. Rfd1 Rf7 33. Bh4 h5 34. Be1
Bg4 35. Bxg4 hxg4 36. g3 Rd7 37. Kg2 Kf7 38. h3 gxh3+ 39. Kxh3 g5 40. b4 gxf4
41. gxf4 Rh8+ 42. Kg2 Rg8+ 43. Kf3 e5 44. fxe5 Nxe5+ 45. Ke3 Ke6 46. Bc3 Nc4+
47. Ke2 Rg2+ 48. Kf3 Rxa2 49. Re1+ Kd6 50. Bd4 b6 51. Re8 Kc6 52. Re6+ Kb5 53.
Bc3 d4 0-1

[Event "Moscow Open A 2016"]
[Site "Moscow RUS"]
[Date "2016.02.04"]
[Round "6.33"]
[White "Rozhkov, Viacheslav"]
[Black "Geller, Jakov"]
[Result "0-1"]
[WhiteTitle "FM"]
[BlackTitle "GM"]
[WhiteElo "2339"]
[BlackElo "2487"]
[WhiteFideId "4181484"]
[BlackFideId "4151984"]
[EventDate "2016.01.30"]

1. e4 c5 2. Nf3 Nc6 3. d4 cxd4 4. Nxd4 g6 5. Nc3 Bg7 6. Be3 Nf6 7. Bc4 O-O 8.
Bb3 Re8 9. O-O d6 10. h3 Na5 11. Qe2 a6 12. Rfd1 Bd7 13. e5 Nxb3 14. exf6 Nxd4
15. Bxd4 exf6 16. Qf3 Bc6 17. Nd5 Bxd5 18. Qxd5 Qc7 19. Bc3 Re6 20. Rd3 Rae8 21.
Rad1 f5 22. Bxg7 Kxg7 23. Qd4+ Kg8 24. Rc3 Qe7 25. Kh2 h5 26. a4 h4 27. a5 Re2
28. Rd2 Rxd2 29. Qxd2 Qe5+ 30. f4 Qf6 31. Qd5 Re4 32. Qxb7 Rxf4 33. Rd3 Rf2 34.
Qb8+ Kh7 35. Qxd6 0-1

[Event "Moscow Open A 2016"]
[Site "Moscow RUS"]
[Date "2016.02.04"]
[Round "6.34"]
[White "Afanasiev, Nikita"]
[Black "Matinian, Nikita"]
[Result "1/2-1/2"]
[WhiteTitle "FM"]
[BlackTitle "IM"]
[WhiteElo "2335"]
[BlackElo "2476"]
[WhiteFideId "24183555"]
[BlackFideId "24129100"]
[EventDate "2016.01.30"]

1. c4 e5 2. g3 Nc6 3. Bg2 f5 4. Nc3 Nf6 5. d3 Bb4 6. Bd2 O-O 7. Rc1 d6 8. Nd5
Bxd2+ 9. Qxd2 Kh8 10. e3 Be6 11. Ne2 Qd7 12. Nxf6 Rxf6 13. d4 f4 14. exf4 Bh3
15. Bxh3 Qxh3 16. d5 Ne7 17. fxe5 dxe5 18. Rc3 Raf8 19. f4 Qg2 20. Rf1 Qxh2 21.
Qe3 Ng6 22. Qe4 Qh3 23. Rh1 Qg4 24. Re3 exf4 25. Nxf4 Rxf4 26. gxf4 Rxf4 27.
Qe8+ Rf8 28. Qe4 Rf4 29. Qe8+ Rf8 30. Qe4 Rf4 1/2-1/2

[Event "Moscow Open A 2016"]
[Site "Moscow RUS"]
[Date "2016.02.04"]
[Round "6.35"]
[White "Golubov, Saveliy"]
[Black "Shevchenko, Kirill"]
[Result "0-1"]
[WhiteTitle "IM"]
[BlackTitle "FM"]
[WhiteElo "2469"]
[BlackElo "2373"]
[WhiteFideId "24176729"]
[BlackFideId "14129574"]
[EventDate "2016.01.30"]

1. d4 Nf6 2. c4 e6 3. Nc3 Bb4 4. e3 O-O 5. Ne2 d5 6. a3 Bd6 7. cxd5 exd5 8. g3
Re8 9. Bg2 c6 10. O-O a5 11. Qc2 Na6 12. Rd1 Bd7 13. f3 c5 14. dxc5 Bxc5 15. Nd4
Rc8 16. Qb3 Bc6 17. Bd2 Qb6 18. Qxb6 Bxb6 19. g4 h6 20. h4 Nc5 21. g5 hxg5 22.
hxg5 Nh7 23. g6 fxg6 24. Bh3 Rcd8 25. b4 axb4 26. axb4 Nd3 27. b5 Bd7 28. Bxd7
Rxd7 29. Na4 Bxd4 30. exd4 Rf7 31. Kg2 Re2+ 32. Kg3 Nf6 33. Nc5 Nh5+ 34. Kh4
Rh2+ 35. Kg5 Rg2+ 36. Kh4 Ndf4 0-1

[Event "Moscow Open A 2016"]
[Site "Moscow RUS"]
[Date "2016.02.04"]
[Round "6.36"]
[White "Nyudleev, Dolgan"]
[Black "Ulko, Jaroslav"]
[Result "1/2-1/2"]
[WhiteTitle "IM"]
[BlackTitle "IM"]
[WhiteElo "2328"]
[BlackElo "2456"]
[WhiteFideId "4198360"]
[BlackFideId "4116658"]
[EventDate "2016.01.30"]

1. e4 c5 2. Nf3 e6 3. d4 cxd4 4. Nxd4 a6 5. Bd3 Qc7 6. O-O Nc6 7. Be3 Nf6 8. Nc3
b5 9. Nxc6 Qxc6 10. a3 Bb7 11. Qe2 Rc8 12. f4 h5 13. e5 Ng4 14. Be4 Qc7 15. Kh1
g6 16. Qf3 Bc6 17. Rad1 Be7 18. Bxc6 Qxc6 19. Ne4 Nh6 20. c3 Nf5 21. Rd3 Nh4 22.
Nd6+ Bxd6 23. Qxc6 Rxc6 24. Rxd6 Rxd6 25. exd6 Nf5 26. Bc5 O-O 27. Kg1 f6 28. b4
Kf7 29. Kf2 e5 30. fxe5 fxe5 31. Ke2 Ke6 32. Rd1 Rc8 33. h3 Rc6 34. g4 hxg4 35.
hxg4 Nxd6 36. Bxd6 Rxd6 37. Rf1 Rc6 38. Kd3 Rc4 39. g5 Rf4 40. Rh1 Rg4 41. Rh8
Rxg5 42. Ra8 Rg3+ 43. Kd2 Kd5 44. Rxa6 Kc4 45. Ra7 Rd3+ 46. Kc2 Rxc3+ 47. Kb2
Rb3+ 48. Kc2 Re3 49. Rc7+ Kd5 50. Rxd7+ Kc6 51. Ra7 g5 52. Kd2 Rf3 53. a4 bxa4
54. Rxa4 Kd5 55. b5 Rf4 56. Ra8 Rb4 57. Rg8 g4 58. b6 Rb2+ 59. Kc3 Rxb6 60. Rxg4
Rf6 61. Kd3 Rf3+ 62. Ke2 Ra3 63. Rh4 Ke6 64. Rc4 Kf5 65. Rb4 Ra5 66. Kf3 Rc5 67.
Ke3 e4 68. Rxe4 1/2-1/2

[Event "Moscow Open A 2016"]
[Site "Moscow RUS"]
[Date "2016.02.04"]
[Round "6.37"]
[White "Tran, Tuan Minh"]
[Black "Gevorgyan, David Sh."]
[Result "1-0"]
[WhiteTitle "IM"]
[BlackTitle "IM"]
[WhiteElo "2447"]
[BlackElo "2356"]
[WhiteFideId "12401820"]
[BlackFideId "13303244"]
[EventDate "2016.01.30"]

1. d4 Nf6 2. c4 e6 3. Nc3 Bb4 4. e3 c5 5. Ne2 O-O 6. a3 cxd4 7. exd4 Be7 8. Nf4
d5 9. Be3 Nc6 10. h3 Re8 11. Be2 dxc4 12. Bxc4 e5 13. dxe5 Nxe5 14. Be2 b6 15.
O-O Qxd1 16. Rfxd1 Bb7 17. Ncd5 Nxd5 18. Nxd5 Bd8 19. Rac1 Rc8 20. Rxc8 Bxc8 21.
f4 Ng6 22. Bb5 Rf8 23. Bd2 a6 24. Bc6 Ne7 25. Bb4 Nxc6 26. Bxf8 Kxf8 27. Nb4 b5
28. Nxc6 Bb6+ 29. Kh2 f6 30. g4 Kf7 31. Nb4 Ke6 32. f5+ Ke5 33. Nd5 Bc5 34. Rc1 1-0